[Event "Challenge"]
[Site "http://www.queenalice.com/game.php?id=287048"]
[Date "2007.10.15"]
[Round "-"]
[White "Erinaldo"]
[Black "Mehmed100"]
[Result "0-1"]
[WhiteElo "1851"]
[BlackElo "1930"]

1. e4 c6 2. d4 d5 3. e5 c5 4. dxc5 e6 5. Be3 Nh6 6. c3 Nf5 7. Bd4 Nxd4 8. cxd4
b6 9. Bb5+ Bd7 10. Bxd7+ Nxd7 11. b4 a5 12. c6 Bxb4+ 13. Nd2 Nb8 14. Qa4 Bxd2+
15. Kxd2 O-O 16. h4 Qc7 17. Nf3 Nxc6 18. Rhc1 Rfc8 19. Rc3 Qb7 20. Rac1 b5 21.
Qc2 Ra6 22. Ng5 g6 23. Qd3 b4 24. Rc5 Rb6 25. h5 b3 26. a3 b2 27. Rb1 Rb3 28.
Rc3 Rxc3 29. Qxc3 Nxe5 30. Rxb2 Nc4+ 31. Ke2 Qxb2+ 32. Qxb2 Nxb2 0-1

[Event "Challenge"]
[Site "http://www.queenalice.com/game.php?id=287055"]
[Date "2007.10.15"]
[Round "-"]
[White "Mehmed100"]
[Black "Erinaldo"]
[Result "1-0"]
[WhiteElo "1936"]
[BlackElo "1830"]

1. e4 e5 2. Nc3 Nf6 3. f4 d5 4. fxe5 Nxe4 5. d3 Qh4+ 6. g3 Nxg3 7. Nf3 Qh5 8.
Nxd5 c6 9. Nf4 Qh6 10. Ne2 Qe6 11. hxg3 Nd7 12. Nf4 Qg4 13. Bh3 Qxg3+ 14. Kf1
Nxe5 15. Nxe5 Bxh3+ 16. Rxh3 Qg5 17. Qe2 1-0

[Event "Challenge"]
[Site "http://www.queenalice.com/game.php?id=289399"]
[Date "2007.10.19"]
[Round "-"]
[White "Mehmed100"]
[Black "JMasters"]
[Result "1-0"]
[WhiteElo "1928"]
[BlackElo "1857"]

1. e4 c6 2. d4 d5 3. e5 Bf5 4. Nf3 Nd7 5. Nh4 Be4 6. e6 Ndf6 7. Nd2 Bg6 8. Nxg6
hxg6 9. exf7+ Kxf7 10. Nf3 Ne4 11. Ne5+ Ke8 12. Qg4 g5 13. Qe6 Nh6 14. Qg6+ 1-0

[Event "CFC 2nd Annual"]
[Site "http://www.queenalice.com/game.php?id=290835"]
[Date "2007.10.22"]
[Round "2"]
[White "dutchfire"]
[Black "Mehmed100"]
[Result "0-1"]
[WhiteElo "1715"]
[BlackElo "1948"]

1. e4 c6 2. d4 d5 3. e5 c5 4. c3 Nc6 5. Nf3 cxd4 6. cxd4 Bg4 7. Be2 e6 8. O-O
Bxf3 9. Bxf3 Qb6 10. Qa4 Qxd4 11. Qb5 Qb4 12. Nc3 Qxb5 13. Nxb5 Rc8 14. Bf4 a6
15. Nd6+ Bxd6 16. exd6 Nf6 17. Rac1 Kd7 18. Rfd1 Ne8 19. a3 f6 20. Bg3 Nxd6 21.
Bxd6 Kxd6 22. b4 Nd4 23. Rxc8 Nxf3+ 24. gxf3 Rxc8 25. Rd3 Rc4 26. Kg2 e5 27. Kg3
d4 28. h4 Rc3 0-1

[Event "AUTO-ADV-654"]
[Site "http://www.queenalice.com/game.php?id=300783"]
[Date "2007.11.8"]
[Round "2"]
[White "Mehmed100"]
[Black "erig1969"]
[Result "0-1"]
[WhiteElo "1955"]
[BlackElo "1954"]

1. e4 d6 2. Nc3 c6 3. d4 g6 4. Nf3 Bg7 5. Bc4 e6 6. O-O d5 7. Bd3 dxe4 8. Nxe4
Ne7 9. Bf4 O-O 10. Qd2 Nf5 0-1

[Event "AUTO-ADV-654"]
[Site "http://www.queenalice.com/game.php?id=300786"]
[Date "2007.11.8"]
[Round "2"]
[White "Taura10"]
[Black "Mehmed100"]
[Result "1-0"]
[WhiteElo "1926"]
[BlackElo "1909"]

1. d4 c6 2. e4 d5 3. e5 c5 4. c3 Nc6 5. Nf3 cxd4 6. cxd4 Bg4 7. Bb5 Qb6 8. Bxc6+
Qxc6 9. O-O e6 10. a3 Be7 11. Qb3 1-0

[Event "AUTO-ADV-654"]
[Site "http://www.queenalice.com/game.php?id=300787"]
[Date "2007.11.8"]
[Round "2"]
[White "Mehmed100"]
[Black "Taura10"]
[Result "1-0"]
[WhiteElo "2031"]
[BlackElo "1917"]

1. e4 d6 2. Nc3 c6 3. d4 g6 4. Nf3 Bg7 5. Be2 Nf6 6. O-O b5 7. a3 O-O 8. Be3 Ng4
9. Bf4 e5 10. Bg3 Bb7 11. d5 cxd5 12. Nxd5 a6 13. c4 bxc4 14. Bxc4 Nf6 15. Re1
Nbd7 16. Bh4 Nb6 17. Bxf6 Bxf6 18. Qb3 Nxc4 19. Qxc4 Bxd5 20. Qxd5 Qb6 21. b4
Rac8 22. Rac1 Kg7 23. h4 Rc7 24. h5 Rfc8 25. Rxc7 Rxc7 26. Rd1 Rc2 27. Rd2 Rc3
28. Qxd6 Rc1+ 29. Kh2 Rc6 30. Qd3 Qb5 31. Qxb5 axb5 32. Rd5 Rc3 33. Rxb5 Rxa3
34. Nxe5 Bxe5+ 35. Rxe5 Ra2 36. Kg3 Ra4 37. hxg6 hxg6 38. Rb5 Ra6 39. Rb7 Kf6
40. b5 Ra3+ 41. f3 Rb3 42. Kf4 Rb4 43. b6 Rb5 44. Ke3 Ke6 45. Kd4 f6 46. f4 g5
47. f5+ Kd6 48. Rf7 Rb4+ 49. Kc3 Rxe4 50. b7 Re8 51. Rxf6+ Kc7 52. Re6 Rf8 53.
Re7+ Kb8 54. g4 Rf6 55. Kd4 Rb6 56. Ke5 Rb4 57. f6 Rxg4 58. f7 Rf4 59. Re8+ Kxb7
60. f8=Q Rxf8 61. Rxf8 1-0

[Event "CFC 2nd Annual"]
[Site "http://www.queenalice.com/game.php?id=321974"]
[Date "2007.12.17"]
[Round "3"]
[White "Mehmed100"]
[Black "Luceafarul"]
[Result "1-0"]
[WhiteElo "1898"]
[BlackElo "2010"]

1. e4 e6 2. d4 d5 3. Nc3 Bb4 4. e5 c5 5. a3 Bxc3+ 6. bxc3 Ne7 7. Qg4 O-O 8. Bd3
f5 9. Qh5 Qa5 10. Bd2 Qa4 11. Nf3 c4 12. Be2 Qxc2 13. Rc1 Qa4 14. O-O Qe8 15.
Qh4 Nbc6 16. Ng5 h6 17. Nh3 Ng6 18. Qg3 Nce7 19. Bh5 Kh7 20. Ra1 Bd7 21. Rfb1
Rb8 22. Re1 1-0

[Event "AUTO-INT-605"]
[Site "http://www.queenalice.com/game.php?id=338822"]
[Date "2008.1.19"]
[Round "2"]
[White "Tessaro"]
[Black "Mehmed100"]
[Result "0-1"]
[WhiteElo "1809"]
[BlackElo "1958"]

1. e4 c6 2. d4 d5 3. Nc3 dxe4 4. Nxe4 Nd7 5. Nf3 Ngf6 6. Bd3 Nxe4 7. Bxe4 Nf6 8.
Qd3 Nxe4 9. Qxe4 Qd5 10. Qd3 Bf5 11. Qe2 e6 12. c4 Bb4+ 13. Bd2 Bxd2+ 14. Qxd2
Qxc4 15. b3 Qa6 16. Rc1 O-O 17. Ne5 Rfd8 18. g4 Be4 19. f3 Bd5 20. h4 f6 21. Nd3
Bxf3 22. Nb4 Qb6 23. Kf2 Bxh1 24. Rxh1 Qxd4+ 25. Qxd4 Rxd4 0-1

[Event "AUTO-INT-605"]
[Site "http://www.queenalice.com/game.php?id=338823"]
[Date "2008.1.19"]
[Round "2"]
[White "Mehmed100"]
[Black "Tessaro"]
[Result "1-0"]
[WhiteElo "1918"]
[BlackElo "1823"]

1. e4 e5 2. Nc3 Nf6 3. f4 Bb4 4. fxe5 Bxc3 5. dxc3 Nxe4 6. Qg4 d5 7. Qxg7 Rf8 8.
Bh6 Qe7 9. Nf3 Nc6 10. Qxh7 Nxe5 11. Bxf8 Nxf3+ 12. gxf3 Qxf8 13. fxe4 1-0

[Event "AUTO-INT-605"]
[Site "http://www.queenalice.com/game.php?id=338824"]
[Date "2008.1.19"]
[Round "2"]
[White "MHP20000"]
[Black "Mehmed100"]
[Result "0-1"]
[WhiteElo "1626"]
[BlackElo "2029"]

1. e4 c6 2. Nc3 d5 3. e5 Bf5 4. d4 e6 5. Nf3 Nd7 6. Bg5 Qb6 7. b3 f6 8. exf6
Ngxf6 9. h3 Bb4 10. Bd2 O-O 11. a3 Bd6 12. Be2 Ne4 13. O-O Nxd2 14. Qxd2 Rae8
15. Ng5 e5 16. Na4 Qxd4 17. Qxd4 exd4 18. Bf3 Be7 19. h4 h6 20. Bh5 hxg5 21.
Bxe8 Rxe8 22. hxg5 Bxc2 23. Rfe1 Bxb3 24. Nb2 c5 25. Nd3 c4 26. Nb4 c3 27. Rac1
Kf8 28. Nc2 d3 29. Re3 d2 30. Rf3+ Kg8 31. Rd1 Bxc2 32. Ra1 Bxg5 33. Rxc3 Re1+
34. Rxe1 dxe1=Q+ 0-1

[Event "AUTO-INT-605"]
[Site "http://www.queenalice.com/game.php?id=338825"]
[Date "2008.1.19"]
[Round "2"]
[White "Mehmed100"]
[Black "MHP20000"]
[Result "1-0"]
[WhiteElo "1968"]
[BlackElo "1691"]

1. e4 e5 2. Nc3 Bc5 3. Bc4 Nf6 4. d3 h6 5. f4 exf4 6. Bxf4 d6 7. Nge2 Ng4 8. d4
Bb6 9. O-O O-O 10. Nd5 c6 11. Nxb6 axb6 12. Qe1 d5 13. exd5 cxd5 14. Bd3 Nc6 15.
c3 Re8 16. Qg3 Re7 17. h3 Nf6 18. Bxh6 Nh5 19. Qh4 g6 20. Bg5 Qe8 21. Nf4 Re3
22. Nxh5 gxh5 23. Bh7+ Kxh7 24. Qxh5+ Kg8 25. Bf6 Rxh3 26. Qg5+ 1-0

[Event "CFC 2nd Annual"]
[Site "http://www.queenalice.com/game.php?id=376663"]
[Date "2008.3.25"]
[Round "4"]
[White "Panzar"]
[Black "Mehmed100"]
[Result "0-1"]
[WhiteElo "1911"]
[BlackElo "1943"]

1. e4 c6 2. d4 d5 3. exd5 cxd5 4. c4 Nf6 5. Nc3 g6 6. Qb3 Bg7 7. cxd5 Nbd7 8.
Be2 O-O 9. Bf3 Nb6 10. Nge2 Bg4 11. Bxg4 Nxg4 12. Bf4 Nf6 13. d6 exd6 14. O-O
Qd7 15. Nb5 d5 16. Nd6 Nh5 17. Nb5 Nc4 18. Rfd1 Rfe8 19. Nbc3 Rac8 20. Rac1 Rc6
21. Be5 f6 22. Bg3 Rb6 0-1

[Event "AUTO-OPEN-842"]
[Site "http://www.queenalice.com/game.php?id=399303"]
[Date "2008.5.7"]
[Round "2"]
[White "Camaraujo"]
[Black "Mehmed100"]
[Result "0-1"]
[WhiteElo "2255"]
[BlackElo "1973"]

1. e4 c6 2. d4 d5 3. Nd2 dxe4 4. Nxe4 Bf5 5. Ng3 Bg6 6. h4 h6 7. Nf3 Nf6 8. Ne5
Bh7 9. Bd3 Bxd3 10. Qxd3 e6 11. Bd2 Nbd7 0-1

[Event "AUTO-OPEN-842"]
[Site "http://www.queenalice.com/game.php?id=399309"]
[Date "2008.5.7"]
[Round "2"]
[White "Mehmed100"]
[Black "txukahamae"]
[Result "1-0"]
[WhiteElo "2027"]
[BlackElo "1643"]

1. e4 Nf6 2. Nc3 d5 3. e5 d4 4. exf6 dxc3 5. fxg7 Bxg7 6. bxc3 Nc6 7. Nf3 Bg4 8.
h3 Bh5 9. Rb1 b6 10. Bb5 Qd6 11. Ba3 Qd7 12. Qe2 O-O-O 13. d4 Qd5 14. c4 Qe6 15.
Qxe6+ 1-0

[Event "AUTO-OPEN-842"]
[Site "http://www.queenalice.com/game.php?id=399310"]
[Date "2008.5.7"]
[Round "2"]
[White "txukahamae"]
[Black "Mehmed100"]
[Result "0-1"]
[WhiteElo "1599"]
[BlackElo "2025"]

1. d4 f5 2. g3 Nf6 3. Bg2 e6 4. Nf3 Be7 5. O-O O-O 6. c4 d6 7. Nc3 Qe8 8. Qc2
Qg6 9. b3 Ne4 10. Nxe4 fxe4 11. Nd2 d5 12. cxd5 exd5 13. Qxc7 Nc6 14. e3 Bd6 0-1

[Event "Challenge"]
[Site "http://www.queenalice.com/game.php?id=410064"]
[Date "2008.5.30"]
[Round "-"]
[White "tuninglou"]
[Black "Mehmed100"]
[Result "0-1"]
[WhiteElo "1690"]
[BlackElo "2063"]

1. d4 f5 2. c4 Nf6 3. Nc3 g6 4. Bg5 Bg7 5. Nf3 O-O 6. e3 d6 7. Be2 Ne4 8. Qc2
Nxg5 9. Nxg5 e5 10. Nf3 e4 11. Nd2 Be6 12. O-O Nd7 13. f3 Qg5 14. f4 Qh4 15. Nb5
Rfc8 16. Qb3 a6 17. Nc3 Rab8 18. d5 Bf7 19. Qa4 Nc5 20. Qc2 c6 21. b4 Nd7 22.
Rac1 cxd5 23. cxd5 Rxc3 24. Qa4 Nb6 25. Qa5 Rxe3 26. Rf2 Bd4 27. Kh1 Qxf2 0-1

[Event "AUTO-OPEN-842"]
[Site "http://www.queenalice.com/game.php?id=421267"]
[Date "2008.6.21"]
[Round "3"]
[White "Mehmed100"]
[Black "mattbel"]
[Result "1-0"]
[WhiteElo "2042"]
[BlackElo "1602"]

1. e4 e5 2. Nc3 d6 3. f4 exf4 4. Nf3 Nf6 5. d4 Nh5 6. Bc4 c6 7. O-O Qd7 8. Ng5
d5 9. exd5 b5 10. dxc6 Nxc6 11. Bxf7+ Ke7 12. Qe2+ Kf6 13. Bxf4 Nxd4 14. Qe5#
1-0

[Event "AUTO-OPEN-842"]
[Site "http://www.queenalice.com/game.php?id=421268"]
[Date "2008.6.21"]
[Round "3"]
[White "mattbel"]
[Black "Mehmed100"]
[Result "0-1"]
[WhiteElo "1551"]
[BlackElo "2065"]

1. e4 c6 2. d3 d5 3. Nc3 d4 4. Na4 e5 5. Be2 b5 6. b3 bxa4 7. bxa4 Nf6 8. Rb1
Qa5+ 9. Bd2 Qxa4 10. Nf3 Bd6 11. O-O O-O 12. Rb2 c5 13. Qb1 Nc6 14. c3 dxc3 15.
Bxc3 Nd4 16. Bd1 Qd7 17. Nxd4 exd4 18. Bd2 Ba6 19. Bf3 Ng4 20. g3 f5 21. exf5
Qxf5 22. Bxa8 Rxa8 23. h3 Ne5 24. g4 Nf3+ 25. Kg2 Nh4+ 26. Kg1 Qf3 0-1

[Event "CFC 2nd Annual"]
[Site "http://www.queenalice.com/game.php?id=422396"]
[Date "2008.6.24"]
[Round "5"]
[White "Mehmed100"]
[Black "col"]
[Result "1-0"]
[WhiteElo "2044"]
[BlackElo "2117"]

1. f4 Nf6 2. Nf3 g6 3. e3 Bg7 4. d3 d6 5. Be2 c5 6. O-O Nc6 7. Qe1 O-O 8. e4 d5
9. e5 Ng4 10. h3 Nh6 11. Qf2 Qb6 12. c3 f6 13. exf6 exf6 14. Nbd2 Be6 15. b3
Rfe8 16. Ba3 Bf8 17. d4 cxd4 18. Bxf8 Rxf8 19. Nxd4 Nxd4 20. cxd4 Rac8 21. Nf3
Rc2 22. Rfc1 Rfc8 23. Rxc2 Rxc2 24. g4 Rc3 25. Qe1 Qc6 26. Rd1 Nf7 27. Bb5 Qc8
28. Bd3 Nd6 29. f5 gxf5 30. g5 Ne4 31. gxf6 Qc7 32. Ne5 Nxf6 33. Kh1 Nh5 34. Qd2
Bf7 35. Rg1+ Bg6 36. Qg5 Ng7 37. h4 Ne6 38. Qf6 Ng7 39. h5 Rxd3 40. Nxd3 Nxh5
41. Qg5 Ng7 42. Ne5 Qd6 43. Rc1 Be8 44. Rc8 Kf8 45. Qh4 Kg8 46. Kg1 h6 47. Qd8
Qxd8 48. Rxd8 Kf8 49. Rxd5 Ke7 50. Nc4 Bc6 51. Re5+ Kd7 52. d5 Bb5 53. Re3 Bxc4
54. bxc4 Ne8 55. Ra3 Nd6 56. Rxa7 1-0